[Event "Champ FRA - Under 8"]
[Site "Europe Echecs"]
[Date "2020.07.06"]
[Round "8"]
[Time "17:18:10"]
[PlyCount "123"]
[White "CoutonTheo"]
[Black "KermarrecHugo"]
[WhiteElo "1190"]
[BlackElo "950"]
[Mode "WEB"]
[Result "0-1"]

1. e4 e5 2. Nf3 Qf6 3. Bc4 Bc5 4. d3 g5 5. Bxg5 Qg7 6. Nh4 Qxg5 7. Nf3 Qf6 8.
Nc3 Bb4 9. a3 Bc5 10. Nd5 Qg6 11. Nxe5 Qxg2 12. Rf1 Qxh2 13. Qf3 Qxe5 14. Ke2
Qxb2 15. Bb3 Bxa3 16. Rfb1 Qc3 17. Nxc3 Nh6 18. Rxa3 b5 19. Raa1 b4 20. Nd1 Nc6
21. Ne3 Nd4+ 22. Ke1 Nxf3+ 23. Ke2 Nd4+ 24. Kd2 Nxb3+ 25. cxb3 Rg8 26. Nd5 Kf8
27. Nxc7 Rb8 28. Rxa7 Rb7 29. Rxb7 Bxb7 30. Re1 Rg2 31. Re2 Ng4 32. f3 Nf2 33.
Ke3 Nd1+ 34. Kd2 Nf2 35. Ke3 Nd1+ 36. Kd2 Rg1 37. f4 Nc3 38. Rf2 Rd1+ 39. Kc2 h5
40. f5 h4 41. Ne6+ fxe6 42. fxe6+ Ke7 43. Rf7+ Kxe6 44. Rf5 h3 45. Rh5 Rh1 46.
d4 Nxe4 47. d5+ Bxd5 48. Rh6+ Kf5 49. Rh5+ Kg4 50. Rxd5 h2 51. Rxd7 Rg1 52. Rh7
h1=Q 53. Rxh1 Rxh1 54. Kd3 Rb1 55. Kxe4 Rxb3 56. Kd4 Rc3 57. Kd5 b3 58. Kd4 Rc8
59. Kd5 b2 60. Kd6 b1=Q 61. Kd7 Ra8 {CoutonTheo a perdu au temps} 0-1

[Event "Champ FRA - Under 8"]
[Site "Europe Echecs"]
[Date "2020.07.06"]
[Round "8"]
[Time "17:18:10"]
[PlyCount "41"]
[White "Schoenenberger"]
[Black "BauerPierre"]
[WhiteElo "950"]
[BlackElo "1187"]
[Mode "WEB"]
[Result "0-1"]

1. e4 e5 2. Nf3 Nf6 3. Nxe5 d6 4. Nf3 Nxe4 5. Qe2 Qe7 6. d3 Nf6 7. Be3 Bg4 8. h3
Bh5 9. g4 Bg6 10. Ng5 h6 11. Ne4 Nxe4 12. dxe4 Qxe4 13. Qb5+ c6 14. Qxb7 c5 15.
Qc8+ Ke7 16. Bb5 Qxh1+ 17. Ke2 Bxc2 18. Qe8+ Kf6 19. Qd8+ Be7 20. Qxh8 Qd1# {Schoenenberger est échec et mat} 0-1

[Event "Champ FRA - Under 8"]
[Site "Europe Echecs"]
[Date "2020.07.06"]
[Round "8"]
[Time "17:18:10"]
[PlyCount "48"]
[White "JourdainLouis"]
[Black "DemangeSymeon"]
[WhiteElo "1170"]
[BlackElo "799"]
[Mode "WEB"]
[Result "1-0"]

1. d4 d5 2. Nc3 Nc6 3. Nf3 Nf6 4. Bf4 Bf5 5. Nb5 Rc8 6. e3 a6 7. Nc3 e6 8. Bd3
Bxd3 9. Qxd3 Bb4 10. O-O Bxc3 11. Qxc3 Ne4 12. Qb3 O-O 13. Qxb7 Rb8 14. Qxc6
Rxb2 15. Rfb1 Rxb1+ 16. Rxb1 Qb8 17. Rxb8 Rxb8 18. h3 g5 19. Qxc7 Rb2 20. Qd8+
Kg7 21. Nxg5 Nxg5 22. Bxg5 Kg6 23. Qf6+ Kh5 24. Qh6# {DemangeSymeon est échec et mat} 1-0

[Event "Champ FRA - Under 8"]
[Site "Europe Echecs"]
[Date "2020.07.06"]
[Round "8"]
[Time "17:18:10"]
[PlyCount "40"]
[White "ReissOscar"]
[Black "VidalAlexandre"]
[WhiteElo "799"]
[BlackElo "1130"]
[Mode "WEB"]
[Result "1-0"]

1. e4 e5 2. Nf3 Nc6 3. Nc3 Nf6 4. Bb5 Bc5 5. d3 O-O 6. O-O a6 7. Bc4 b5 8. Bb3
d5 9. exd5 Nxd5 10. Nxd5 Bg4 11. Qd2 Bxf3 12. Nc3 Bh5 13. Re1 Qh4 14. Re4 Bg4
15. d4 exd4 16. Nd5 Bd6 17. g3 Qh3 18. Rf4 Bxf4 19. Nxf4 Bf3 20. Nxh3 {VidalAlexandre a abandonné} 1-0

[Event "Champ FRA - Under 8"]
[Site "Europe Echecs"]
[Date "2020.07.06"]
[Round "8"]
[Time "17:18:10"]
[PlyCount "42"]
[White "AlsaiedNizar"]
[Black "BennaniJohan"]
[WhiteElo "1120"]
[BlackElo "940"]
[Mode "WEB"]
[Result "1-0"]

1. e4 e5 2. Nf3 Nc6 3. Nc3 Nf6 4. Bc4 d6 5. d3 Be6 6. Bb3 d5 7. exd5 Bxd5 8.
Nxd5 Nxd5 9. Qe2 Nd4 10. Nxd4 Nf4 11. Qxe5+ Ne6 12. Nxe6 fxe6 13. Qxe6+ Be7 14.
Qf7+ Kd7 15. Be6+ Kd6 16. Qf5 Kc6 17. O-O Qd6 18. Bf4 Qd4 19. c3 Qa4 20. Be3
Rhf8 21. Qd5# {BennaniJohan est échec et mat} 1-0

[Event "Champ FRA - Under 8"]
[Site "Europe Echecs"]
[Date "2020.07.06"]
[Round "8"]
[Time "17:18:10"]
[PlyCount "121"]
[White "BalesterDimitr"]
[Black "RomeroAlexandr"]
[WhiteElo "1120"]
[BlackElo "900"]
[Mode "WEB"]
[Result "0-1"]

1. e4 e5 2. Bc4 Nc6 3. Qh5 g6 4. Qe2 Bg7 5. Nf3 Nge7 6. Ng5 d5 7. Bb3 Nd4 8. Qd3
Bh6 9. Nh3 Nxb3 10. Qxb3 Be6 11. exd5 Bxd5 12. Qa4+ Bc6 13. Qb3 Bxg2 14. Rg1
Bxh3 15. Qxh3 Bg7 16. Qb3 Qd5 17. Qa4+ Qc6 18. Qxc6+ Nxc6 19. Nc3 O-O-O 20. d3
Bf6 21. Bd2 Nb4 22. O-O-O e4 23. dxe4 Bxc3 24. Bxc3 Rxd1+ 25. Rxd1 Nxa2+ 26. Kd2
Rd8+ 27. Ke1 Rxd1+ 28. Kxd1 Nxc3+ 29. Kd2 Nxe4+ 30. Ke3 Nd6 31. f4 Nc4+ 32. Kd3
Nxb2+ 33. Kc3 Nd1+ 34. Kd2 Nf2 35. Ke2 Nh3 36. Kf3 Ng1+ 37. Kf2 Nh3+ 38. Kg3 Ng1
39. Kg2 Ne2 40. Kf3 Nd4+ 41. Ke4 Nb5 42. h4 Kd7 43. Ke5 a5 44. Ke4 a4 45. Kd3 a3
46. c4 a2 47. cxb5 a1=Q 48. Ke4 f6 49. f5 Qb1+ 50. Kf4 Qc1+ 51. Ke4 Qe1+ 52. Kf4
Qe5+ 53. Kg4 Qxf5+ 54. Kg3 c5 55. b6 c4 56. h5 c3 57. Kh4 c2 58. h6 c1=Q 59. Kg3
Qff4+ 60. Kh3 Qh1# {BalesterDimitr est échec et mat} 0-1

[Event "Champ FRA - Under 8"]
[Site "Europe Echecs"]
[Date "2020.07.06"]
[Round "8"]
[Time "17:18:10"]
[PlyCount "86"]
[White "RosuMatei"]
[Black "BousmatAdam"]
[WhiteElo "1091"]
[BlackElo "799"]
[Mode "WEB"]
[Result "1-0"]

1. e4 c5 2. Nf3 d5 3. Nc3 d4 4. Nd5 e6 5. Nf4 Bd6 6. e5 Be7 7. Bc4 Bg5 8. Nxg5
Qxg5 9. d3 Nh6 10. Nxe6 Bxe6 11. Bxg5 Bg4 12. f3 Bf5 13. Bb5+ Bd7 14. Bxd7+ Nxd7
15. O-O O-O 16. c3 dxc3 17. bxc3 Nxe5 18. f4 Neg4 19. Bxh6 Ne3 20. Qe2 Nxf1 21.
Qg4 g6 22. Bxf8 Ne3 23. Qf3 Nc2 24. Rc1 Na3 25. Qxb7 Rxf8 26. Qb3 c4 27. Qxa3
cxd3 28. Re1 d2 29. Rd1 Rd8 30. Qe7 Rf8 31. Rxd2 h6 32. Rd8 Rxd8 33. Qxd8+ Kg7
34. c4 f6 35. c5 g5 36. c6 gxf4 37. c7 f3 38. c8=Q fxg2 39. Kxg2 f5 40. Qg8+ Kf6
41. Qcd8+ Ke5 42. Qg7+ Kf4 43. Qdd4# {BousmatAdam est échec et mat} 1-0

[Event "Champ FRA - Under 8"]
[Site "Europe Echecs"]
[Date "2020.07.06"]
[Round "8"]
[Time "17:18:10"]
[PlyCount "117"]
[White "SakiOmar"]
[Black "CorralNehamaLe"]
[WhiteElo "1044"]
[BlackElo "799"]
[Mode "WEB"]
[Result "0-1"]

1. e4 e5 2. Nf3 Nc6 3. Bb5 Nf6 4. Bxc6 dxc6 5. O-O Bd6 6. Nc3 O-O 7. d3 Bg4 8.
Bg5 h6 9. Be3 h5 10. h3 Be6 11. Bg5 Be7 12. Nh4 Nxe4 13. Nxe4 Bxg5 14. Nf3 Be7
15. Nfd2 f5 16. Nc3 g5 17. Qxh5 Bf7 18. Qe2 Be8 19. Qxe5 Bb4 20. Qe6+ Bf7 21.
Qxf5 Bxa2 22. Rxa2 Rxf5 23. Ra4 Bxc3 24. bxc3 b5 25. Rg4 Rb8 26. Ne4 b4 27. cxb4
Kg7 28. h4 Rxb4 29. hxg5 Kg6 30. f3 Kh5 31. Kf2 Rbb5 32. Rh1+ Kg6 33. Rh6+ Kg7
34. Rgh4 Rxg5 35. Rh7+ Kg6 36. R4h6+ Kf5 37. g4+ Kf4 38. Rf7+ Ke5 39. f4+ Kd4
40. Nxg5 Rxg5 41. fxg5 Qxg5 42. Rxc6 Qxg4 43. Ra6 Qh4+ 44. Ke2 Qh5+ 45. Rf3 Kc3
46. Rc6+ Kb2 47. Kf2 Qh2+ 48. Kf1 a5 49. Rf2 Qh1+ 50. Ke2 Qxc6 51. Ke3 a4 52.
c4+ Kb3 53. Kd2 a3 54. Kc1 a2 55. Rb2+ Ka3 56. Kc2 a1=Q 57. Rb5 Qa2+ 58. Kc1
Qh1# {SakiOmar est échec et mat} 0-1

[Event "Champ FRA - Under 8"]
[Site "Europe Echecs"]
[Date "2020.07.06"]
[Round "8"]
[Time "17:18:10"]
[PlyCount "62"]
[White "AboulasseGhita"]
[Black "StoyanovVictor"]
[WhiteElo "1008"]
[BlackElo "799"]
[Mode "WEB"]
[Result "1-0"]

1. d4 d5 2. c4 c5 3. cxd5 cxd4 4. Qxd4 e6 5. Nc3 b6 6. Qd1 Bb7 7. Nf3 exd5 8.
Bf4 Nf6 9. e3 Nbd7 10. Bb5 Bc5 11. O-O O-O 12. Qc2 a6 13. Bxd7 Qxd7 14. Rac1 d4
15. exd4 Bxd4 16. Nxd4 Qxd4 17. Bg3 Rfe8 18. Rcd1 Qc4 19. Rfe1 Rxe1+ 20. Rxe1
Re8 21. Rxe8+ Nxe8 22. Qd1 b5 23. h3 b4 24. Na4 Qxa2 25. Nc5 Bc6 26. Qd8 Kf8 27.
Bd6+ Kg8 28. Nd3 b3 29. Ba3 f5 30. Qe7 Nf6 31. Qf8# {StoyanovVictor est échec et mat} 1-0

[Event "Champ FRA - Under 8"]
[Site "Europe Echecs"]
[Date "2020.07.06"]
[Round "8"]
[Time "17:18:10"]
[PlyCount "50"]
[White "GrederPaul"]
[Black "SaintjoresMeli"]
[WhiteElo "1220"]
[BlackElo "1100"]
[Mode "WEB"]
[Result "1-0"]

1. d4 Nf6 2. e3 Nc6 3. f3 d6 4. Bc4 d5 5. Bd3 e5 6. dxe5 Nxe5 7. Bb5+ c6 8. Bd3
Nxd3+ 9. cxd3 Qe7 10. Nc3 d4 11. Nce2 dxe3 12. f4 Nd5 13. Nf3 Qb4+ 14. Bd2 Qe7
15. O-O exd2 16. Qxd2 Bg4 17. Nfd4 Bxe2 18. Nxe2 Qc5+ 19. Kh1 Be7 20. h3 Bd6 21.
b3 O-O 22. Rf3 Nc3 23. a4 Nxe2 24. Qxe2 Rfe8 25. Qd2 {SaintjoresMeli a perdu au temps} 1-0

[Event "Champ FRA - Under 8"]
[Site "Europe Echecs"]
[Date "2020.07.06"]
[Round "8"]
[Time "17:18:10"]
[PlyCount "130"]
[White "BonnayTramoniB"]
[Black "GadoisMelina"]
[WhiteElo "799"]
[BlackElo "1150"]
[Mode "WEB"]
[Result "1-0"]

1. e4 e5 2. Bc4 Bc5 3. Nf3 Nc6 4. d3 Nf6 5. Ng5 O-O 6. O-O d6 7. Qf3 Bg4 8. Qg3
Re8 9. h3 Bh5 10. Qh4 Qe7 11. g4 Bg6 12. Qg3 Rad8 13. d4 exd4 14. Qb3 a6 15. c3
dxc3 16. bxc3 b5 17. Bd3 Nxe4 18. Bxe4 Qxg5 19. Bxc6 Re2 20. Bxg5 Rc8 21. Na3 h6
22. Bf3 Re5 23. Rfe1 Rxg5 24. h4 Re5 25. Rxe5 dxe5 26. Bb7 Rb8 27. Bd5 Rd8 28.
Rd1 c6 29. Bxf7+ Bxf7 30. Qb1 Rxd1+ 31. Qxd1 Bxa3 32. Qd8+ Bf8 33. Qb6 Kh7 34.
Qxc6 g5 35. Qe4+ Bg6 36. Qxe5 Bg7 37. Qe6 gxh4 38. Qxa6 h3 39. Qxb5 h2+ 40. Kxh2
Bf8 41. c4 Bd3 42. Qd7+ Kg8 43. c5 Be4 44. c6 Bxc6 45. Qxc6 Kf7 46. Qf3+ Ke6 47.
a4 Kd6 48. a5 Kc7 49. a6 Kb6 50. a7 Kxa7 51. Qxf8 Kb6 52. Qxh6+ Kc5 53. g5 Kd5
54. g6 Ke6 55. g7+ Kf7 56. Qh7 Ke6 57. g8=Q+ Ke5 58. Qgg6 Kd5 59. Qhh5+ Kd4 60.
Qgg4+ Kd3 61. Qhh3+ Kd2 62. f4 Kc2 63. Qgg2+ Kd1 64. Qb3+ Ke1 65. Qb1# {GadoisMelina est échec et mat} 1-0

[Event "Champ FRA - Under 8"]
[Site "Europe Echecs"]
[Date "2020.07.06"]
[Round "8"]
[Time "17:18:10"]
[PlyCount "57"]
[White "MougenotSacha"]
[Black "DebbicheAmir"]
[WhiteElo "799"]
[BlackElo "1110"]
[Mode "WEB"]
[Result "0-1"]

1. e4 c5 2. Bc4 Nc6 3. Nf3 Nf6 4. Nc3 e5 5. d3 d6 6. Bg5 b6 7. O-O Bb7 8. Qe2
Be7 9. Rad1 O-O 10. Rfe1 h6 11. Bh4 Re8 12. Rd2 Ng4 13. Bb5 Qc7 14. Nd5 Nd4 15.
Qd1 Nxf3+ 16. gxf3 Bxd5 17. Bxe8 Rxe8 18. fxg4 a5 19. Qf3 Bxh4 20. Qf5 Be6 21.
Qf3 Qc8 22. Re3 Bxg4 23. Qg2 f5 24. exf5 Qxf5 25. Qd5+ Kh7 26. Rd1 Qxf2+ 27. Kh1
Qxe3 28. Qxd6 Bf3# {MougenotSacha est échec et mat} 0-1

[Event "Champ FRA - Under 8"]
[Site "Europe Echecs"]
[Date "2020.07.06"]
[Round "8"]
[Time "17:18:10"]
[PlyCount "88"]
[White "ColinFelix"]
[Black "DoucetJeanGabr"]
[WhiteElo "799"]
[BlackElo "1100"]
[Mode "WEB"]
[Result "1-0"]

1. e4 e5 2. Nc3 Nf6 3. Nf3 Nc6 4. Bb5 Bb4 5. Bxc6 dxc6 6. Nxe5 Qe7 7. Nf3 Bg4 8.
O-O O-O 9. h3 Be6 10. e5 Ne8 11. d4 c5 12. dxc5 Bxc5 13. Be3 Bb6 14. Bxb6 cxb6
15. Qd2 Rd8 16. Qe3 f5 17. Ng5 h6 18. Nxe6 Nc7 19. Nxd8 Rxd8 20. Rad1 Re8 21.
Nd5 Qd8 22. Nxc7 Qxc7 23. e6 Re7 24. Qc3 Qb8 25. Qd4 Qc8 26. Qd8+ Qxd8 27. Rxd8+
Kh7 28. Rd7 Rxe6 29. Rxb7 Re2 30. Rxa7 b5 31. Ra3 f4 32. Rf3 Rxc2 33. Rxf4 Rxb2
34. Rf5 Rxa2 35. Rxb5 Re2 36. Rf5 g6 37. Rf3 Re6 38. Re3 Ra6 39. Re7+ Kg8 40.
Rb7 Ra8 41. Rd1 Re8 42. g4 Re2 43. Rd8+ Re8 44. Rxe8# {DoucetJeanGabr est échec et mat} 1-0

[Event "Champ FRA - Under 8"]
[Site "Europe Echecs"]
[Date "2020.07.06"]
[Round "8"]
[Time "17:18:10"]
[PlyCount "62"]
[White "RibreauAnna"]
[Black "LavissiereGene"]
[WhiteElo "1280"]
[BlackElo "920"]
[Mode "WEB"]
[Result "1-0"]

1. c4 e5 2. Nc3 Nc6 3. g3 Nf6 4. Bg2 d5 5. cxd5 Nxd5 6. Nxd5 Bc5 7. Nc3 O-O 8.
Nf3 e4 9. Nxe4 Nb4 10. Nxc5 b6 11. Nd3 Nxd3+ 12. exd3 Qxd3 13. Qe2 Bf5 14. Qxd3
Bxd3 15. Kd1 Rae8 16. Ne1 Be2+ 17. Kc2 Rd8 18. d3 Bxd3+ 19. Nxd3 c5 20. Re1 c4
21. Nb4 c3 22. bxc3 a5 23. Nc6 Rc8 24. Ne7+ Kh8 25. Nxc8 Rxc8 26. Re7 b5 27.
Rxf7 b4 28. Rf3 bxc3 29. Rxc3 Rb8 30. Rc7 Rb4 31. Rc8# {LavissiereGene est échec et mat} 1-0

[Event "Champ FRA - Under 8"]
[Site "Europe Echecs"]
[Date "2020.07.06"]
[Round "8"]
[Time "17:18:10"]
[PlyCount "93"]
[White "CotterchioDant"]
[Black "SailhanDinhAle"]
[WhiteElo "1260"]
[BlackElo "799"]
[Mode "WEB"]
[Result "0-1"]

1. e4 e5 2. Nf3 Bc5 3. Nxe5 Qh4 4. g3 Qxe4+ 5. Qe2 Qxh1 6. Ng6+ Be7 7. Nxh8 Qxh2
8. Qe4 Kd8 9. Nxf7+ Ke8 10. Bc4 Kf8 11. Nc3 d6 12. Nd5 Nc6 13. b4 Kxf7 14. Qf5+
Nf6 15. Nxc7+ Kf8 16. Ne6+ Ke8 17. Bb5 Kd7 18. Nc5+ Kc7 19. Ne6+ Bxe6 20. Qxe6
Qg1+ 21. Ke2 Nd4+ 22. Kd3 Nxe6 23. Bb2 Qxf2 24. c4 Qxg3+ 25. Kc2 Nd4+ 26. Bxd4
a6 27. Rg1 Qf4 28. Rxg7 Qxd4 29. Rxe7+ Kb6 30. c5+ dxc5 31. Re6+ Kc7 32. Re7+
Kd6 33. Rg7 axb5 34. bxc5+ Qxc5+ 35. Kd1 h5 36. d4 Qxd4+ 37. Ke1 Ne4 38. Ke2
Qxg7 39. Ke3 h4 40. Kxe4 h3 41. Kf3 h2 42. a4 h1=Q+ 43. Kf2 Rf8+ 44. Ke2 Qe4+
45. Kd1 Qeg2 46. Ke1 Qa1# {CotterchioDant est échec et mat} 0-1

[Event "Champ FRA - Under 8"]
[Site "Europe Echecs"]
[Date "2020.07.06"]
[Round "8"]
[Time "17:18:10"]
[PlyCount "55"]
[White "CassagneresCha"]
[Black "VidalRaphael"]
[WhiteElo "1180"]
[BlackElo "799"]
[Mode "WEB"]
[Result "0-1"]

1. e4 e5 2. Nf3 Nc6 3. Bc4 Nf6 4. Nc3 d6 5. O-O Bg4 6. h3 Bh5 7. d3 Nd4 8. Nxd4
exd4 9. Nd5 Nxd5 10. Qe1 Bd1 11. Qxd1 Qf6 12. Bxd5 Qg6 13. Bxb7 Rb8 14. Bc6+ Kd8
15. c3 d5 16. cxd4 Bd6 17. Bxd5 Rb5 18. Be3 Rxb2 19. Bc1 Rb5 20. Bc6 Rb6 21. Ba4
f5 22. exf5 Qxf5 23. Bc2 c5 24. dxc5 Bxc5 25. d4 Bd6 26. d5 Qe5 27. Bb2 Qh2# {CassagneresCha est échec et mat} 0-1

[Event "Champ FRA - Under 8"]
[Site "Europe Echecs"]
[Date "2020.07.06"]
[Round "8"]
[Time "17:18:10"]
[PlyCount "51"]
[White "PopThomas"]
[Black "GiulianiGiovan"]
[WhiteElo "1030"]
[BlackElo "1120"]
[Mode "WEB"]
[Result "0-1"]

1. d4 e6 2. g3 Qf6 3. Nf3 Bb4+ 4. Nc3 Bxc3+ 5. bxc3 Nh6 6. Bg2 Ng4 7. e3 Nc6 8.
O-O d5 9. Bd2 e5 10. dxe5 Ncxe5 11. Nxe5 Qxe5 12. c4 dxc4 13. Qe1 Qh5 14. h3 Ne5
15. f4 Ng6 16. Bc3 Bf5 17. Bf3 Qxh3 18. Bxb7 Rb8 19. Bc6+ Kd8 20. Bxg7 Re8 21.
Bf6+ Kc8 22. Bxe8 Rb3 23. axb3 cxb3 24. cxb3 Be4 25. Rf2 Qh1# {PopThomas est échec et mat} 0-1

[Event "Champ FRA - Under 8"]
[Site "Europe Echecs"]
[Date "2020.07.06"]
[Round "8"]
[Time "17:18:10"]
[PlyCount "179"]
[White "MindeHeloise"]
[Black "DorgereLouka"]
[WhiteElo "1110"]
[BlackElo "799"]
[Mode "WEB"]
[Result "0-1"]

1. e4 e5 2. Nf3 Nc6 3. Nc3 Nf6 4. Bb5 Bd6 5. O-O Nb4 6. d3 Nc6 7. Bg5 O-O 8. a3
h6 9. Bxh6 gxh6 10. Bxc6 dxc6 11. h3 Be6 12. d4 Bc4 13. Re1 c5 14. dxc5 Bxc5 15.
Nxe5 Qxd1 16. Rexd1 Rfd8 17. Rxd8+ Rxd8 18. Nxc4 Nh5 19. Na4 Nf6 20. Nxc5 Rd4
21. Na5 Nxe4 22. Nxe4 Rxe4 23. Nxb7 Re2 24. Kf1 Re6 25. Nc5 Rc6 26. Nd7 Rxc2 27.
Rb1 Rc6 28. g4 Rd6 29. Nc5 Rd5 30. Ne4 Re5 31. Nf6+ Kg7 32. Nd7 Rd5 33. Nb8 Rd8
34. Nc6 Ra8 35. Ne5 Re8 36. Nd7 Rd8 37. Nc5 Rd5 38. Nb3 Rb5 39. Na1 Ra5 40. Nb3
Rb5 41. Nd4 Rd5 42. Nf3 Rd3 43. Ng1 Kg6 44. a4 Rd5 45. b3 Ra5 46. Re1 Rc5 47. b4
Rc6 48. b5 Rb6 49. Rb1 Re6 50. a5 Rd6 51. Rc1 Rd5 52. h4 Rxb5 53. Ra1 c5 54. h5+
Kg5 55. Nf3+ Kf4 56. Nd2 Kg5 57. Nc4 Rb4 58. Ne5 Rb3 59. Nxf7+ Kxg4 60. Ne5+
Kxh5 61. Nc4 Rh3 62. Ne5 Rh1+ 63. Ke2 Rxa1 64. Nf3 Ra2+ 65. Kf1 Kg4 66. Kg2 Kf4
67. Nh4 h5 68. Ng6+ Kg5 69. Ne5 Ra4 70. Nd7 Rg4+ 71. Kf3 c4 72. Ne5 c3 73. Nxg4
c2 74. Ke2 c1=Q 75. Kf3 Qa3+ 76. Kg2 Qxa5 77. Ne3 Qe5 78. Nc4 Qc5 79. Ne3 a6 80.
f4+ Kxf4 81. Nf1 a5 82. Nd2 a4 83. Nb1 a3 84. Nxa3 Qxa3 85. Kf2 Qa2+ 86. Ke1 Kf3
87. Kd1 Ke3 88. Kc1 Kd3 89. Kd1 Qd2# {MindeHeloise est échec et mat} 0-1

[Event "Champ FRA - Under 8"]
[Site "Europe Echecs"]
[Date "2020.07.06"]
[Round "8"]
[Time "17:18:10"]
[PlyCount "67"]
[White "CosynsThibault"]
[Black "DuboisSelene"]
[WhiteElo "990"]
[BlackElo "1037"]
[Mode "WEB"]
[Result "0-1"]

1. e4 e5 2. Nc3 Nf6 3. Nf3 Bd6 4. Bc4 O-O 5. d3 Nc6 6. O-O Qe7 7. Be3 Bb4 8. a3
Ba5 9. b4 Bb6 10. Bxb6 axb6 11. Qe2 d6 12. Rfe1 Bg4 13. a4 Nxb4 14. Rec1 Qd7 15.
Nd5 Nfxd5 16. Bxd5 b5 17. Bb3 bxa4 18. Bxa4 Rxa4 19. Rxa4 Qxa4 20. Qe3 Nxc2 21.
Qd2 Bxf3 22. gxf3 Nd4 23. Rxc7 Nxf3+ 24. Kf1 Nxd2+ 25. Kg1 Qa1+ 26. Kg2 Qf1+ 27.
Kg3 Qg1+ 28. Kh3 Nf3 29. Rxb7 Ng5+ 30. Kh4 h6 31. h3 Qxf2+ 32. Kg4 Qg2+ 33. Kh4
Qxh3# {CosynsThibault est échec et mat} 0-1

[Event "Champ FRA - Under 8"]
[Site "Europe Echecs"]
[Date "2020.07.06"]
[Round "8"]
[Time "17:18:10"]
[PlyCount "70"]
[White "SchmittVavihel"]
[Black "BarrialMaxence"]
[WhiteElo "1020"]
[BlackElo "799"]
[Mode "WEB"]
[Result "1-0"]

1. e4 e5 2. Bc4 b6 3. Nf3 Bb7 4. Nc3 a6 5. d3 h6 6. Bg5 f6 7. Be3 f5 8. Nxe5 Nf6
9. O-O Rh7 10. Nf7 d5 11. exd5 Bxd5 12. Bxd5 Nxd5 13. Nxd8 Kxd8 14. Nxd5 Nc6 15.
Nc3 Nb4 16. g3 Kd7 17. a3 Nc6 18. Nd5 Re8 19. Re1 Ne5 20. Qh5 g6 21. Qh4 g5 22.
Qd4 Bc5 23. Qa4+ b5 24. Nf6+ Ke6 25. Qxa6+ Kf7 26. Nxh7 Nf3+ 27. Kf1 Nxe1 28.
Rxe1 f4 29. gxf4 gxf4 30. Bxf4 Rxe1+ 31. Kxe1 h5 32. Kf1 h4 33. Ng5+ Kg7 34. Qb7
Kg6 35. Qxc7 {BarrialMaxence a abandonné} 1-0

[Event "Champ FRA - Under 8"]
[Site "Europe Echecs"]
[Date "2020.07.06"]
[Round "8"]
[Time "17:18:10"]
[PlyCount "55"]
[White "MolinesThibaut"]
[Black "PonzeveraAlexa"]
[WhiteElo "799"]
[BlackElo "799"]
[Mode "WEB"]
[Result "0-1"]

1. e4 d6 2. Nf3 Nf6 3. Nc3 Nbd7 4. Bc4 e5 5. d3 h6 6. Be3 c6 7. O-O Qc7 8. b4
Be7 9. a4 g5 10. a5 g4 11. Nh4 h5 12. f3 gxf3 13. gxf3 Rg8+ 14. Kf2 Nh7 15. Ke1
Bxh4+ 16. Kd2 Rg2+ 17. Kc1 Rxh2 18. Rh1 Rxh1 19. Qxh1 Bg3 20. Qd1 h4 21. Bc5
dxc5 22. bxc5 Nxc5 23. Qh1 Qe7 24. Qg2 Qg5+ 25. Kd1 Bf4 26. Rb1 Qxg2 27. Ra1
Qd2# {MolinesThibaut est échec et mat} 0-1

[Event "Champ FRA - Under 8"]
[Site "Europe Echecs"]
[Date "2020.07.06"]
[Round "8"]
[Time "17:18:10"]
[PlyCount "106"]
[White "MauricDalmauCa"]
[Black "GrallKynan"]
[WhiteElo "799"]
[BlackElo "1020"]
[Mode "WEB"]
[Result "1-0"]

1. e4 e5 2. Nc3 Bc5 3. Nf3 Qe7 4. Bc4 Bb6 5. d4 c5 6. O-O exd4 7. h3 Bc7 8. b3
Qd6 9. Ba3 Qh2+ 10. Nxh2 Bxh2+ 11. Kxh2 h5 12. Bxc5 Nf6 13. Bxd4 Ng4+ 14. Kg1 d6
15. hxg4 Bxg4 16. Bb5+ Ke7 17. Qd2 h4 18. f3 Nc6 19. fxg4 h3 20. gxh3 Rxh3 21.
Qg2 Rah8 22. Bxg7 R8h7 23. Bf6+ Ke6 24. Bd4 Rh1+ 25. Kf2 R7h2 26. Bc4+ Ke7 27.
Kf3 Nxd4+ 28. Kf2 Ne6 29. Rxh1 Rxh1 30. Qxh1 Nf4 31. Kf3 Ng6 32. Nd5+ Ke6 33.
Qh5 Ne5+ 34. Kf4 f6 35. g5 f5 36. exf5+ Kd7 37. Qh7+ Kc6 38. Qe7 a5 39. Qe8+ Kc5
40. Qc8+ Nc6 41. Qxb7 a4 42. bxa4 Kxc4 43. Rb1 Kxd5 44. Rb5+ Kc4 45. Qxc6+ Kd4
46. Qe4+ Kc3 47. Qe3+ Kc4 48. Re5 Kb4 49. Qe4+ Kc3 50. Qe1+ Kb2 51. Rb5+ Ka3 52.
Qe3+ Kxa4 53. Qb3# {GrallKynan est échec et mat} 1-0

[Event "Champ FRA - Under 8"]
[Site "Europe Echecs"]
[Date "2020.07.06"]
[Round "9"]
[Time "17:53:35"]
[PlyCount "71"]
[White "DavidianAron"]
[Black "DeladerriereHe"]
[WhiteElo "1369"]
[BlackElo "1141"]
[Mode "WEB"]
[Result "0-1"]

1. e4 d5 2. exd5 Qxd5 3. Nc3 Qd6 4. Nf3 Nf6 5. Bc4 a6 6. d4 b5 7. Bb3 Bb7 8. O-O
e6 9. Bg5 Be7 10. a4 Ng4 11. Bxe7 Kxe7 12. g3 c5 13. axb5 cxd4 14. Qxd4 Bxf3 15.
Qxd6+ Kxd6 16. bxa6 Rxa6 17. Nb5+ Kd7 18. Ba4 Ke7 19. Nc7 Rd6 20. Ra3 Bc6 21.
Rfa1 Rhd8 22. Bxc6 Rd1+ 23. Rxd1 Rxd1+ 24. Kg2 Nxc6 25. h3 Nf6 26. c3 Nd5 27. b4
Nxc7 28. Rb3 Nb5 29. c4 Ncd4 30. Re3 Nd6 31. c5 Nc4 32. Rc3 Ne5 33. Ra3 Nef3 34.
Ra7+ Kf6 35. Rb7 Rg1# {DavidianAron est échec et mat} 0-1

[Event "Champ FRA - Under 8"]
[Site "Europe Echecs"]
[Date "2020.07.06"]
[Round "9"]
[Time "17:53:35"]
[PlyCount "89"]
[White "LamorelleAlexe"]
[Black "ChenZhiyueDash"]
[WhiteElo "1009"]
[BlackElo "1119"]
[Mode "WEB"]
[Result "1/2-1/2"]

1. e4 e5 2. Nf3 Nc6 3. Nc3 Nf6 4. Bb5 d6 5. d4 exd4 6. Nxd4 Bd7 7. Nxc6 Bxc6 8.
Bxc6+ bxc6 9. Qf3 Be7 10. e5 dxe5 11. Qxc6+ Nd7 12. Be3 O-O 13. Rd1 Bd6 14. O-O
Qe7 15. Rfe1 Rad8 16. Bf4 Qf6 17. Nd5 Qh4 18. Bg3 Qg5 19. Nxc7 Bxc7 20. Qxc7 Nb6
21. Rd6 Rxd6 22. Qxd6 f6 23. h3 Qg6 24. c3 Qf7 25. a3 Qd7 26. Rd1 Qxd6 27. Rxd6
Nc4 28. Rd7 Ra8 29. b3 Nxa3 30. c4 Nc2 31. c5 Nd4 32. Rd6 Rc8 33. b4 Ne2+ 34.
Kf1 Nd4 35. Ke1 Nc2+ 36. Kd2 Nxb4 37. Kc3 Nc6 38. Kc4 Nd4 39. Kd5 Nb5 40. Rd7
Nc7+ 41. Kd6 Ne8+ 42. Kd5 Nc7+ 43. Kd6 Ne8+ 44. Kd5 Nc7+ {Nulle par répétition} 1/2-1/2

[Event "Champ FRA - Under 8"]
[Site "Europe Echecs"]
[Date "2020.07.06"]
[Round "9"]
[Time "17:53:35"]
[PlyCount "112"]
[White "VoglerRomain"]
[Black "MelkumyanDavid"]
[WhiteElo "1171"]
[BlackElo "1240"]
[Mode "WEB"]
[Result "1/2-1/2"]

1. e4 e5 2. Nf3 Nf6 3. Nxe5 Qe7 4. d4 Nc6 5. f4 Nxe4 6. Qe2 d6 7. Qxe4 d5 8. Qe3
Nb4 9. Bd3 f6 10. Nf3 Nxd3+ 11. cxd3 f5 12. O-O Qxe3+ 13. Bxe3 Bd6 14. Ne5 Be6
15. Nc3 O-O 16. Nb5 a6 17. Nxd6 cxd6 18. Nf3 h6 19. Rfe1 Rac8 20. Rac1 Kf7 21.
Kf2 Rxc1 22. Rxc1 Rc8 23. Rxc8 Bxc8 24. Bd2 Bd7 25. a3 Ke7 26. Ke2 Be8 27. Kd1
Ba4+ 28. Kc1 Be8 29. Kc2 b6 30. b4 Ba4+ 31. Kb2 Ke6 32. Ne1 Kf6 33. Nf3 Bd1 34.
Kc3 Bxf3 35. gxf3 b5 36. Kb3 Ke7 37. a4 Kd7 38. a5 Ke7 39. Kc2 Kf6 40. Kd1 Kf7
41. Ke2 g6 42. Kf2 Ke6 43. Kg3 Ke7 44. h4 h5 45. Kf2 Ke6 46. Kg3 Kf7 47. Be1 Ke6
48. Bd2 Kf7 49. Bc3 Ke6 50. Bb2 Kf7 51. Ba3 Ke6 52. Bc1 Kf7 53. Be3 Ke6 54. Bc1
Kf7 55. Be3 Ke6 56. Bd2 {Nulle par répétition} 1/2-1/2

[Event "Champ FRA - Under 8"]
[Site "Europe Echecs"]
[Date "2020.07.06"]
[Round "9"]
[Time "17:53:35"]
[PlyCount "26"]
[White "LandolsiIyad"]
[Black "SamouelianSola"]
[WhiteElo "1158"]
[BlackElo "1349"]
[Mode "WEB"]
[Result "1-0"]

1. e4 e5 2. Nf3 Nc6 3. Bb5 a6 4. Bxc6 dxc6 5. O-O Bd6 6. d3 Nf6 7. Bg5 Bg4 8.
Re1 h6 9. Bh4 g5 10. Bg3 h5 11. h3 Bf5 12. exf5 Qd7 13. Nxe5 {SamouelianSola a abandonné} 1-0